El caballo; tratado general /
Guardado en:
| Autor Principal: | |
|---|---|
| Formato: | Libro |
| Publicado: |
Buenos Aires :
Albatros,
1978
|
| Materias: | |
| Etiquetas: |
Agregar Etiqueta
Sin Etiquetas, Sea el primero en etiquetar este registro!
|
| LEADER | 00631nam a22002055a 4500 | ||
|---|---|---|---|
| 001 | CEM.cems015880 | ||
| 005 | 20130513180527.0 | ||
| 008 | 130507s1978##################000#0#####d | ||
| 003 | CEMS | ||
| 082 | 0 | 4 | |a 636.1 |
| 100 | 1 | |a Fraustro Moleres, Rubén | |
| 245 | 1 | 0 | |a El caballo; tratado general / |c Rubén Fraustro Moleres, |
| 260 | |a Buenos Aires : |b Albatros, |c 1978 | ||
| 300 | |a 319 p. | ||
| 653 | |a Equinos | ||
| 653 | |a Equinos-anatomía | ||
| 653 | |a Equinos-fisiología | ||
| 653 | |a Ganadería | ||
| 859 | |a CEMS |b BIB. CEMS - Agricultura |h 636.1 |i F867 |p A11515.82 |t Ej.1 | ||
| 859 | |a CEMS |b BIB. CEMS - Agricultura |h 636.1 |i F867 |p A12256.83 |t Ej.2 | ||
